The archology of the cuneiform inscriptions /

محفوظ في:

المؤلف الرئيسي: Sayce, A. H. 1845-1933.

مؤلف مشترك: Society for Promoting Christian Knowledge (Great Britain). General Literature Committee.

التنسيق: كتاب

اللغة: English

منشور في: London : New York : Society for Promoting Christian Knowledge ; E.S. Gorham, 1908.

الطبعة: 2nd ed., rev.

سلاسل: Rhind lectures in archaeology ; 1906.

الموضوعات:

الوسوم: إضافة وسم

لا توجد وسوم, كن أول من يضع وسما على هذه التسجيلة!

رقم الطلب: DS69.5 .S3 1908

LEADER 01357cam a2200313 i 4500
001 ocm03412444
003 OSt
005 20241017121416.0
008 771112s1908 enkabf 001 0 eng d
999 |c 56957  |d 56957 
010 |a  83000991  
040 |c ARCE Library 
043 |a aw----- 
050 4 |a DS69.5 .S3 1908 
100 1 |a Sayce, A. H.  |q (Archibald Henry),  |d 1845-1933. 
245 1 4 |a The archology of the cuneiform inscriptions /  |c by A.H. Sayce ; published under the direction of the General Literature Committee. 
250 |a 2nd ed., rev. 
264 1 |a London :  |b Society for Promoting Christian Knowledge ;  |a New York :  |b E.S. Gorham,  |c 1908. 
300 |a 220 pages, [16] leaves of plates :   |b ill., maps ;   |c 22 cm. 
490 1 |a The Rhind lectures in archaeology ;  |v 1906. 
500 |a "The first six chapters ... embody the Rhind lectures in archology which I delivered at Edinburgh in October 1906. The seventh chapter appeared as an article in the Contemporary review for August 1905"--Preface 
500 |a includes index. 
650 0 |a Cuneiform writing. 
650 0 |a Civilization, Assyro-Babylonian. 
651 0 |a Assyria  |x Antiquities. 
710 2 |a Society for Promoting Christian Knowledge (Great Britain).  |b General Literature Committee. 
830 0 |a Rhind lectures in archaeology ;  |v 1906. 
901 |a reviewed 
942 |2 lcc  |c BK